000 00444nam a22001697a 4500
003 NUST - PNEC
005 20170116180958.0
008 150912b xxu||||| |||| 00| 0 eng d
020 _a0070214964
040 _cLIBRARY
082 _a621.381 FON
100 _99369
_aFonstad, Clifton G.
245 _aMicroelectronic devices and circuits
_cClifton G. Fonstad
260 _cc.1994
650 _99372
_aMicroelectronics
_xEL
942 _2ddc
_cBK
999 _c66608
_d66608